00600nam a2200157 a 450000500170000000800410001702000180005805000250007610000280010124501620012926000380029130000210032952100080035065000640035870000200042220140310183532.0111005s19uu xx 00 eng d a9780470540954 aLB 1778.2b.P45 2010 aPhilipsen, Maike Ingrid aHelping faculty find work-life balance :bthe path toward family-friendly institutions /cMaike Ingrid Philipsen, Timothy Bostic, foreword by Mary Ann Mason. aCalifornia :bJossey-Bass,c2010. a216 p. :c24 cm. aEDU aCollege teachersxProfessional relationshipsxUnited States aBostic, Timothy